000 00865nam a2200265Ia 4500
003 OSt
005 20220923221720.0
006 a|||||r|||| 00| 0
007 ta
008 220922b |||||||| |||| 00| 0 hin d
024 _a199,575
037 _cTextual
040 _aARTS
_cARTS
_bhin
041 _2hin
_ahin
082 _aQ2:22k, 152M1
100 _aगौड़, राम शरण
_9158592
245 0 _aपौराणिक अध्ययन कोश
246 _aPaurāṇik adhyayan kosha
260 _aदिल्ली
_b विभूति प्रका0
_c1981
300 _a228पृ.
_ccm.
650 _a हिन्दू धर्मशास्त्र
650 _aधर्मशास्त्र
942 _hQ2:22k, 152M1
_cTEXL
_2CC
999 _c351315
_d351315